Triassic Creatures - Sudden Death - Statistics

General Stats
  • This quiz has been taken 370 times
  • The average score is 10 of 15
Answers on the Grid
Answers color-coded by a green-red scale on the quiz's grid according to % correct below.
Allosaurus
Archaeopteryx
Brachiosaurus
Dimetrodon
Dunkleosteus
Fasolasuchus
Gigatitan
Herrerasaurus
Ichthyosaurus
Ichthyotitan
Lisowicia
Longisquama
Megalosaurus
Meganeura
Melanorosaurus
Mixosaurus
Mosasaurus
Pisanosaurus
Placodus
Plateosaurus
Prionosuchus
Saurichthys
Shastasaurus
Shonisaurus
Smilosuchus
Stegosaurus
Temnodontosaurus
Triceratops
Tyrannosaurus
Vulcanodon
 
Answer Stats
Answer % Correct
Herrerasaurus
78%
Plateosaurus
76%
Fasolasuchus
75%
Ichthyotitan
69%
Longisquama
69%
Placodus
69%
Shastasaurus
69%
Mixosaurus
67%
Pisanosaurus
67%
Shonisaurus
67%
Gigatitan
66%
Melanorosaurus
66%
Lisowicia
64%
Smilosuchus
63%
Saurichthys
60%
No matching quizzes found
Score Distribution
Percent of People with Each Score
Percentile by Number Answered
Your Score History
You have not taken this quiz